WWF/WWE InterEuroCore Champions Quiz Stats

 Plays Quiz not verified by Sporcle

Support Sporcle.
Go Orange.
Score 0/9 Timer 09:00
0 Plays Today
Country of Birth Wrestler % Correct
EnglandWilliam Regal
87.7%
EnglandThe British Bulldog
78.8%
United StatesChris Jericho
78%
CanadaChristian
77.7%
United States Jeff Hardy
68.8%
United States Kurt Angle
63.5%
United States Rob Van Dam
60%
CanadaTest
55.7%
United States John Bradshaw Layfield
47.4%

You're not logged in!

Compare scores with friends on all Sporcle quizzes.
OR
Log In

From the Vault

Producing Actors

by Pilgab

Sometimes acting just isn't enough.
Remove Ads.
Support Sporcle.
Get the best of Sporcle when you Go Orange. This ad-free experience offers more features, more stats, and more fun while also helping to support Sporcle. Thank you for becoming a member.

Show Comments

Extras

Top Quizzes Today


Score Distribution

Your Account Isn't Verified!

In order to create a playlist on Sporcle, you need to verify the email address you used during registration. Go to your Sporcle Settings to finish the process.

Report this User

Report this user for behavior that violates our Community Guidelines.

Details: